<?xml version="1.0" encoding="UTF-8"?>
<record
    xmlns:xsi="http://www.w3.org/2001/XMLSchema-instance"
    xsi:schemaLocation="http://www.loc.gov/MARC21/slim http://www.loc.gov/standards/marcxml/schema/MARC21slim.xsd"
    xmlns="http://www.loc.gov/MARC21/slim">

  <leader>02197cam a2200625   4500</leader>
  <datafield tag="999" ind1=" " ind2=" ">
    <subfield code="c">23333</subfield>
    <subfield code="d">23333</subfield>
  </datafield>
  <controlfield tag="001">vtls011699502</controlfield>
  <controlfield tag="005">20221003075711.0</controlfield>
  <controlfield tag="008">200316s2017    xo     g      000 fdslo  </controlfield>
  <datafield tag="020" ind1=" " ind2=" ">
    <subfield code="a">9788056900123</subfield>
    <subfield code="q">(viazan&#xE9;)</subfield>
  </datafield>
  <datafield tag="035" ind1=" " ind2=" ">
    <subfield code="a">urn:nbn:sk:snk-am00dgok</subfield>
  </datafield>
  <datafield tag="035" ind1=" " ind2=" ">
    <subfield code="a">urn:nbn:sk:snk-am3i1ny</subfield>
  </datafield>
  <datafield tag="035" ind1=" " ind2=" ">
    <subfield code="a">E02A473E-66F9-45AC-9748-42DCB2D95B13</subfield>
  </datafield>
  <datafield tag="040" ind1=" " ind2=" ">
    <subfield code="a">TTKJF</subfield>
    <subfield code="b">slo</subfield>
    <subfield code="c">TTKJF</subfield>
    <subfield code="d">SNK</subfield>
    <subfield code="e">rda</subfield>
  </datafield>
  <datafield tag="041" ind1="1" ind2=" ">
    <subfield code="a">slo</subfield>
    <subfield code="h">fre</subfield>
  </datafield>
  <datafield tag="044" ind1=" " ind2=" ">
    <subfield code="a">xo</subfield>
    <subfield code="c">SK</subfield>
  </datafield>
  <datafield tag="072" ind1=" " ind2="7">
    <subfield code="a">821.133.1-3</subfield>
    <subfield code="x">Franc&#xFA;zska pr&#xF3;za, franc&#xFA;zsky p&#xED;san&#xE1;</subfield>
    <subfield code="2">konspekt</subfield>
  </datafield>
  <datafield tag="080" ind1=" " ind2=" ">
    <subfield code="a">821.133.1-31</subfield>
    <subfield code="2">2011</subfield>
  </datafield>
  <datafield tag="080" ind1=" " ind2=" ">
    <subfield code="a">329.17-051</subfield>
    <subfield code="2">2011</subfield>
  </datafield>
  <datafield tag="080" ind1=" " ind2=" ">
    <subfield code="a">323.25/.26:329.18</subfield>
    <subfield code="2">2011</subfield>
  </datafield>
  <datafield tag="080" ind1=" " ind2=" ">
    <subfield code="a">(437)</subfield>
    <subfield code="2">2011</subfield>
  </datafield>
  <datafield tag="080" ind1=" " ind2=" ">
    <subfield code="a">(437.3)</subfield>
    <subfield code="2">2011</subfield>
  </datafield>
  <datafield tag="080" ind1=" " ind2=" ">
    <subfield code="a">(0:82-311.6)</subfield>
    <subfield code="2">2011</subfield>
  </datafield>
  <datafield tag="080" ind1=" " ind2=" ">
    <subfield code="a">323.285</subfield>
    <subfield code="2">2011</subfield>
  </datafield>
  <datafield tag="100" ind1="1" ind2=" ">
    <subfield code="a">Binet, Laurent,</subfield>
    <subfield code="d">1972-</subfield>
    <subfield code="4">aut</subfield>
    <subfield code="9">3351</subfield>
  </datafield>
  <datafield tag="240" ind1="1" ind2="0">
    <subfield code="a">HHhH</subfield>
    <subfield code="l">Slovensky</subfield>
  </datafield>
  <datafield tag="245" ind1="1" ind2="0">
    <subfield code="a">Heydrich</subfield>
    <subfield code="b">mu&#x17E; so &#x17E;elezn&#xFD;m srdcom</subfield>
    <subfield code="c">Laurent Binet ; z franc&#xFA;zskeho origin&#xE1;lu HHhH ... prelo&#x17E;ila M&#xE1;ria Feren&#x10D;uhov&#xE1;</subfield>
  </datafield>
  <datafield tag="246" ind1="3" ind2="0">
    <subfield code="a">Mu&#x17E; so &#x17E;elezn&#xFD;m srdcom</subfield>
  </datafield>
  <datafield tag="250" ind1=" " ind2=" ">
    <subfield code="a">2. vydanie</subfield>
  </datafield>
  <datafield tag="264" ind1=" " ind2="1">
    <subfield code="a">Bratislava</subfield>
    <subfield code="b">Maren&#x10D;in PT, spol. s r.o.</subfield>
    <subfield code="c">2017</subfield>
  </datafield>
  <datafield tag="300" ind1=" " ind2=" ">
    <subfield code="a">333 str&#xE1;n</subfield>
    <subfield code="c">21 cm</subfield>
  </datafield>
  <datafield tag="336" ind1=" " ind2=" ">
    <subfield code="a">text</subfield>
    <subfield code="b">txt</subfield>
    <subfield code="2">rdacontent</subfield>
  </datafield>
  <datafield tag="337" ind1=" " ind2=" ">
    <subfield code="a">bez m&#xE9;dia</subfield>
    <subfield code="b">n</subfield>
    <subfield code="2">rdamedia</subfield>
  </datafield>
  <datafield tag="338" ind1=" " ind2=" ">
    <subfield code="a">zv&#xE4;zok</subfield>
    <subfield code="b">nc</subfield>
    <subfield code="2">rdacarrier</subfield>
  </datafield>
  <datafield tag="500" ind1=" " ind2=" ">
    <subfield code="a">Biografick&#xE9; &#xFA;daje</subfield>
  </datafield>
  <datafield tag="600" ind1="1" ind2="7">
    <subfield code="a">Heydrich, Reinhard,</subfield>
    <subfield code="d">1904-1942</subfield>
    <subfield code="2">SNKMA</subfield>
    <subfield code="9">3352</subfield>
  </datafield>
  <datafield tag="648" ind1=" " ind2="7">
    <subfield code="a">1942</subfield>
    <subfield code="2">SNKPH</subfield>
    <subfield code="9">3353</subfield>
  </datafield>
  <datafield tag="650" ind1="0" ind2="7">
    <subfield code="a">nacisti</subfield>
    <subfield code="2">SNKPH</subfield>
    <subfield code="9">3354</subfield>
  </datafield>
  <datafield tag="650" ind1="0" ind2="7">
    <subfield code="a">atent&#xE1;ty</subfield>
    <subfield code="2">SNKPH</subfield>
    <subfield code="9">3355</subfield>
  </datafield>
  <datafield tag="650" ind1="0" ind2="7">
    <subfield code="a">protifa&#x161;istick&#xFD; odboj</subfield>
    <subfield code="2">SNKPH</subfield>
    <subfield code="9">1752</subfield>
  </datafield>
  <datafield tag="650" ind1="0" ind2="7">
    <subfield code="a">Nazis</subfield>
    <subfield code="2">SNKPHeng</subfield>
    <subfield code="9">3356</subfield>
  </datafield>
  <datafield tag="650" ind1="0" ind2="7">
    <subfield code="a">Assassinations</subfield>
    <subfield code="2">SNKPHeng</subfield>
    <subfield code="9">3357</subfield>
  </datafield>
  <datafield tag="650" ind1="0" ind2="7">
    <subfield code="a">Anti-fascist movements</subfield>
    <subfield code="2">SNKPHeng</subfield>
    <subfield code="9">1753</subfield>
  </datafield>
  <datafield tag="651" ind1=" " ind2="7">
    <subfield code="a">Protektor&#xE1;t &#x10C;echy a Morava (1939-1945)</subfield>
    <subfield code="2">SNKPH</subfield>
    <subfield code="9">3358</subfield>
  </datafield>
  <datafield tag="651" ind1=" " ind2="7">
    <subfield code="a">&#x10C;eskoslovensko</subfield>
    <subfield code="2">SNKPH</subfield>
    <subfield code="9">2068</subfield>
  </datafield>
  <datafield tag="651" ind1=" " ind2="7">
    <subfield code="a">Bohemia and Moravia</subfield>
    <subfield code="2">SNKPHeng</subfield>
    <subfield code="9">3359</subfield>
  </datafield>
  <datafield tag="651" ind1=" " ind2="7">
    <subfield code="a">Czechoslovakia</subfield>
    <subfield code="2">SNKPHeng</subfield>
    <subfield code="9">2069</subfield>
  </datafield>
  <datafield tag="655" ind1=" " ind2="7">
    <subfield code="a">franc&#xFA;zske rom&#xE1;ny</subfield>
    <subfield code="2">SNKPH</subfield>
    <subfield code="9">2368</subfield>
  </datafield>
  <datafield tag="655" ind1=" " ind2="7">
    <subfield code="a">vojnov&#xE9; rom&#xE1;ny</subfield>
    <subfield code="2">SNKPH</subfield>
    <subfield code="9">3067</subfield>
  </datafield>
  <datafield tag="655" ind1=" " ind2="7">
    <subfield code="a">French fiction</subfield>
    <subfield code="2">SNKPHeng</subfield>
    <subfield code="9">2366</subfield>
  </datafield>
  <datafield tag="655" ind1=" " ind2="7">
    <subfield code="a">War novels</subfield>
    <subfield code="2">SNKPHeng</subfield>
    <subfield code="9">3068</subfield>
  </datafield>
  <datafield tag="700" ind1="1" ind2=" ">
    <subfield code="a">Feren&#x10D;uhov&#xE1;, M&#xE1;ria,</subfield>
    <subfield code="d">1975-</subfield>
    <subfield code="4">trl</subfield>
    <subfield code="9">3360</subfield>
  </datafield>
  <datafield tag="958" ind1=" " ind2=" ">
    <subfield code="a">UP</subfield>
  </datafield>
  <datafield tag="958" ind1=" " ind2=" ">
    <subfield code="a">LX</subfield>
  </datafield>
  <datafield tag="952" ind1=" " ind2=" ">
    <subfield code="0">0</subfield>
    <subfield code="1">0</subfield>
    <subfield code="2">udc</subfield>
    <subfield code="4">0</subfield>
    <subfield code="7">0</subfield>
    <subfield code="8">K</subfield>
    <subfield code="a">10000</subfield>
    <subfield code="b">10000</subfield>
    <subfield code="d">2022-10-03</subfield>
    <subfield code="g">3.00</subfield>
    <subfield code="i">21666</subfield>
    <subfield code="l">5</subfield>
    <subfield code="m">1</subfield>
    <subfield code="o">B10514</subfield>
    <subfield code="p">B10514</subfield>
    <subfield code="r">2024-08-12</subfield>
    <subfield code="s">2024-06-07</subfield>
    <subfield code="w">2022-10-03</subfield>
    <subfield code="y">KLDO</subfield>
  </datafield>
</record>
